[Event "Mostoles op 12th"]
[Site "Mostoles"]
[Date "2023.07.30"]
[Round "8"]
[White "Toledo Aguirre, Gonzalo"]
[Black "Guach Rodriguez, Marco Antonio"]
[Result "1/2-1/2"]
[WhiteElo "1724"]
[BlackElo "1706"]
[PlyCount "107"]
[EventDate "2023.07.23"]
[EventType "swiss"]
[EventRounds "8"]
[EventCountry "ESP"]
[SourceTitle "CBM 215 Extra"]
[Source "ChessBase"]
[SourceDate "2023.09.30"]
[SourceVersion "1"]
[SourceVersionDate "2023.09.30"]
[SourceQuality "1"]

1. d4 Nf6 2. c4 d6 3. Nc3 g6 4. e4 Bg7 5. h3 Nbd7 6. Be3 e5 7. d5 0-0 8. Qc2 a5 9. 0-0-0 Qe7 10. g4 Nc5 11. Nge2 h5 12. gxh5 Nxh5 13. Ng3 Nf4 14. f3 Bd7 15. h4 Bh6 16. Kb1 Kh7 17. h5 g5 18. Nb5 Bxb5 19. cxb5 Rfd8 20. Nf5 Qf8 21. a4 b6 22. b3 f6 23. Ng3 Qf7 24. Ka2 Rac8 25. Nf5 Qf8 26. Bxf4 exf4 27. Nd4 Kh8 28. Bh3 Ra8 29. Bf5 Qg7 30. Rc1 Qf8 31. Rh2 Qg7 32. Qd1 Re8 33. Rc3 Qf8 34. Rhc2 Re7 35. Qc1 Qg7 36. Bg6 Re5 37. Ne6 Qe7 38. Nd4 Qg7 39. Nc6 Rf8 40. Nxe5 fxe5 41. Qd2 Ra8 42. Qg2 Qe7 43. Qg4 Kg7 44. Bf5 Rf8 45. Be6 Rf6 46. Bc8 Rf8 47. Ka3 Qd8 48. Be6 Qe7 49. Rd2 Qd8 50. Qh3 Qf6 51. Bf5 Qd8 52. Bg6 Qe7 53. Qg4 Rd8 54. Qf5 1/2-1/2

[Event "Mostoles op 12th"]
[Site "Mostoles"]
[Date "2023.07.29"]
[Round "7"]
[White "Toledo Aguirre, Gonzalo"]
[Black "Serna Lopez, Alejandro"]
[Result "1-0"]
[WhiteElo "1724"]
[BlackElo "1554"]
[PlyCount "65"]
[EventDate "2023.07.23"]
[EventType "swiss"]
[EventRounds "8"]
[EventCountry "ESP"]
[SourceTitle "CBM 215 Extra"]
[Source "ChessBase"]
[SourceDate "2023.09.30"]
[SourceVersion "1"]
[SourceVersionDate "2023.09.30"]
[SourceQuality "1"]

1. d4 Nf6 2. c4 e6 3. Nc3 Bb4 4. e3 b6 5. Nge2 Bb7 6. a3 Be7 7. Nf4 d6 8. Be2 Nbd7 9. 0-0 c5 10. d5 e5 11. Nh3 Nf8 12. f4 Bc8 13. fxe5 dxe5 14. Nf2 Ng6 15. Ng4 Nxg4 16. Bxg4 0-0 17. e4 a6 18. a4 Bd6 19. Bxc8 Qxc8 20. Qh5 Ra7 21. Be3 f6 22. Ne2 Raf7 23. Ng3 Ne7 24. Nf5 Nxf5 25. exf5 Qc7 26. Rf3 g5 27. fxg6 hxg6 28. Qxg6+ Rg7 29. Qf5 Rff7 30. Bh6 e4 31. Rh3 Be5 32. Bxg7 Rxg7 33. Qe6+ 1-0

[Event "Mostoles op 12th"]
[Site "Mostoles"]
[Date "2023.07.26"]
[Round "4"]
[White "Arevillca Colque, Jonatan"]
[Black "Toledo Aguirre, Gonzalo"]
[Result "0-1"]
[WhiteElo "1755"]
[BlackElo "1724"]
[PlyCount "60"]
[EventDate "2023.07.23"]
[EventType "swiss"]
[EventRounds "8"]
[EventCountry "ESP"]
[SourceTitle "CBM 215 Extra"]
[Source "ChessBase"]
[SourceDate "2023.09.30"]
[SourceVersion "1"]
[SourceVersionDate "2023.09.30"]
[SourceQuality "1"]

1. e4 e6 2. d4 d5 3. Nc3 Bb4 4. e5 c5 5. a3 Bxc3+ 6. bxc3 Ne7 7. Qg4 Qc7 8. Bd2 cxd4 9. cxd4 Qxc2 10. Qxg7 Rg8 11. Qh6 Nbc6 12. Nf3 Qb2 13. Rc1 Nxd4 14. Nxd4 Qxd4 15. Bb5+ Bd7 16. Bxd7+ Kxd7 17. 0-0 Rxg2+ 18. Kh1 Rxf2 19. Rxf2 Qxf2 20. Bg5 Qf3+ 21. Kg1 Rg8 22. h4 Nf5 23. Qxh7 Rxg5+ 24. hxg5 Qe3+ 25. Kg2 Qxc1 26. Qxf7+ Ne7 27. Qf6 Qc2+ 28. Kg3 Qe4 29. Kh3 Qf5+ 30. Kh4 d4 0-1

[Event "Mostoles op 12th"]
[Site "Mostoles"]
[Date "2023.07.25"]
[Round "3"]
[White "Villodre Miranda, Juan Alonso"]
[Black "Toledo Aguirre, Gonzalo"]
[Result "0-1"]
[WhiteElo "1495"]
[BlackElo "1724"]
[PlyCount "82"]
[EventDate "2023.07.23"]
[EventType "swiss"]
[EventRounds "8"]
[EventCountry "ESP"]
[SourceTitle "CBM 215 Extra"]
[Source "ChessBase"]
[SourceDate "2023.09.30"]
[SourceVersion "1"]
[SourceVersionDate "2023.09.30"]
[SourceQuality "1"]

1. c4 f5 2. Nc3 Nf6 3. d3 e5 4. g3 Nc6 5. Bg2 Bc5 6. e3 0-0 7. h3 a5 8. Nge2 Ba7 9. 0-0 d6 10. Nb5 Bb6 11. b3 Bd7 12. Nec3 Qc8 13. Kh2 Ne7 14. Na4 Ba7 15. Nxa7 Rxa7 16. Nc3 Bc6 17. f4 Bxg2 18. Kxg2 b6 19. Ne2 Qb7+ 20. Kh2 e4 21. d4 d5 22. Ba3 c6 23. Bxe7 Qxe7 24. a3 Rc8 25. a4 c5 26. Rc1 Rd7 27. Kg2 Qf7 28. Qc2 Qg6 29. cxd5 Nxd5 30. Qd2 Nb4 31. Rc4 h5 32. h4 Rcd8 33. Qc1 Qg4 34. Ng1 cxd4 35. Rxd4 Rxd4 36. exd4 Rxd4 37. Rf2 Kh7 38. Qc8 Rd3 39. Ne2 e3 40. Rf3 Rd2 41. Qc4 Nc2 0-1

[Event "Mostoles op 12th"]
[Site "Mostoles"]
[Date "2023.07.24"]
[Round "2"]
[White "Toledo Aguirre, Gonzalo"]
[Black "Gonzalez Haro, Ismael"]
[Result "1-0"]
[WhiteElo "1724"]
[BlackElo "1393"]
[PlyCount "113"]
[EventDate "2023.07.23"]
[EventType "swiss"]
[EventRounds "8"]
[EventCountry "ESP"]
[SourceTitle "CBM 215 Extra"]
[Source "ChessBase"]
[SourceDate "2023.09.30"]
[SourceVersion "1"]
[SourceVersionDate "2023.09.30"]
[SourceQuality "1"]

1. d4 d5 2. c4 c6 3. cxd5 cxd5 4. Nc3 e6 5. Bf4 Nf6 6. Nf3 Nbd7 7. e3 a6 8. Bd3 Qb6 9. Qe2 Bb4 10. 0-0 0-0 11. h3 g6 12. Rfc1 Nh5 13. Bh2 Bd6 14. Bxd6 Qxd6 15. Rd1 e5 16. dxe5 Nxe5 17. Nxe5 Qxe5 18. Nxd5 Re8 19. Nc3 Bf5 20. Qf3 Bxd3 21. Rxd3 b5 22. Rad1 Nf6 23. Rd4 Rac8 24. Nd5 Nxd5 25. Qxd5 Qxd5 26. Rxd5 Rc2 27. R5d2 Rec8 28. Kf1 R2c6 29. Ke2 Kg7 30. Rd6 Rc2+ 31. R1d2 R2c6 32. Rxc6 Rxc6 33. e4 b4 34. Ke3 Kf6 35. f4 Ke6 36. g4 Rc1 37. e5 Rc6 38. Ke4 f5+ 39. gxf5+ gxf5+ 40. Kd3 a5 41. Rc2 Ra6 42. Rc7 h6 43. Kc4 Ra8 44. Rc6+ Ke7 45. Rxh6 Rc8+ 46. Kb3 Rd8 47. Kc4 Rc8+ 48. Kd5 Rc2 49. Rh7+ Kd8 50. Ra7 Rxb2 51. Rxa5 Rf2 52. Ke6 Rxf4 53. Ra8+ Kc7 54. Kf7 Rh4 55. e6 Kb7 56. Rg8 Re4 57. e7 1-0

[Event "Mostoles op 11th"]
[Site "Mostoles"]
[Date "2022.07.24"]
[Round "8"]
[White "Guillo Sanchez Galiano, Ernesto"]
[Black "Toledo Aguirre, Gonzalo"]
[Result "1/2-1/2"]
[WhiteElo "1362"]
[BlackElo "1808"]
[PlyCount "45"]
[EventDate "2022.07.17"]
[EventType "swiss"]
[EventRounds "9"]
[EventCountry "ESP"]
[SourceTitle "EXT 2024"]
[Source "ChessBase"]
[SourceDate "2023.10.10"]
[SourceVersion "1"]
[SourceVersionDate "2023.10.10"]
[SourceQuality "1"]

1. d4 Nf6 2. Bf4 c5 3. e3 g6 4. h3 Bg7 5. Nf3 0-0 6. Nbd2 d6 7. Be2 Nc6 8. c3 Re8 9. 0-0 e5 10. dxe5 dxe5 11. Bg5 h6 12. Bh4 g5 13. Bg3 e4 14. Nh2 Be6 15. Qc2 Qb6 16. Nc4 Bxc4 17. Bxc4 Ne5 18. Bxe5 Rxe5 19. Rfd1 Ree8 20. Rd2 Rad8 21. Rad1 h5 22. Qb3 Qxb3 23. Bxb3 1/2-1/2

[Event "Mostoles op 11th"]
[Site "Mostoles"]
[Date "2022.07.19"]
[Round "3"]
[White "Gilardi Olarrea, Mikel"]
[Black "Toledo Aguirre, Gonzalo"]
[Result "1/2-1/2"]
[WhiteElo "1501"]
[BlackElo "1808"]
[PlyCount "92"]
[EventDate "2022.07.17"]
[EventType "swiss"]
[EventRounds "9"]
[EventCountry "ESP"]
[SourceTitle "EXT 2024"]
[Source "ChessBase"]
[SourceDate "2023.10.10"]
[SourceVersion "1"]
[SourceVersionDate "2023.10.10"]
[SourceQuality "1"]

1. d4 f5 2. c4 Nf6 3. g3 d6 4. Bg2 g6 5. Nf3 Bg7 6. 0-0 0-0 7. Nc3 c6 8. Re1 Na6 9. a3 Ne4 10. Bf4 Nxc3 11. bxc3 Qa5 12. Qd2 e5 13. Bh6 e4 14. Bxg7 Kxg7 15. Ng5 h6 16. Nh3 Be6 17. d5 cxd5 18. Nf4 Bg8 19. cxd5 Nc5 20. Qd4+ Kh7 21. Reb1 Qc7 22. Rb2 g5 23. Nh3 Qf7 24. c4 Qg7 25. e3 Bf7 26. Kf1 Bh5 27. Ng1 Rf7 28. Rab1 b6 29. Ne2 Bxe2+ 30. Kxe2 g4 31. Qxg7+ Kxg7 32. h3 h5 33. Ra2 Na4 34. Rc2 Rc8 35. Rb4 Nc5 36. h4 Rfc7 37. Rc3 Nd7 38. Bf1 a5 39. Rb1 Rxc4 40. Rxc4 Rxc4 41. Kd2 Rc5 42. Rb5 Kf6 43. Rxc5 dxc5 44. Bb5 Ke7 45. Kc3 Nf6 46. Kc4 Nd7 1/2-1/2

[Event "Madrid-ch Seniors 50"]
[Site "Madrid"]
[Date "2022.04.07"]
[Round "9"]
[White "Vazquez Gonzalez, Jesus"]
[Black "Toledo Aguirre, Gonzalo"]
[Result "1/2-1/2"]
[WhiteElo "1853"]
[BlackElo "1879"]
[PlyCount "36"]
[EventDate "2022.03.28"]
[EventType "swiss"]
[EventRounds "9"]
[EventCountry "ESP"]
[SourceTitle "EXT 2023"]
[Source "ChessBase"]
[SourceDate "2022.10.05"]
[SourceVersion "1"]
[SourceVersionDate "2022.10.05"]
[SourceQuality "1"]

1. Nf3 f5 2. d3 Nf6 3. e4 d6 4. Nc3 e5 5. exf5 Bxf5 6. Bg5 Be7 7. Nh4 Be6 8. Be2 0-0 9. 0-0 Nc6 10. f4 exf4 11. Rxf4 Nd5 12. Rxf8+ Qxf8 13. Bxe7 Qxe7 14. Nxd5 Bxd5 15. Bf3 Bxf3 16. Nxf3 Qe3+ 17. Kh1 Re8 18. Qe1 Qxe1+ 1/2-1/2